000 00745nam a2200229 i 4500
999 _c134940
_d134940
001 C2-0337260
003 PPAK
005 20190626222541.0
008 160821s2000 my |||| ||||| | may d
040 _aPPAK
_beng
_cPPAK
_erda
082 0 4 _a351.595112
_223
090 0 0 _a351.595112
_bKED
_dKK
100 0 _aKedah,
_eauthor
245 1 0 _aMesyuarat Jawatankuasa Pemandu Pengurusan Pembangunan dan Pentadbiran (Post Exco) negeri Kedah Darul Aman kali ke 7/2000
264 1 _a[Alor Setar, Kedah] :
_b[Wisma Darul Aman]. ,
_c2000
300 _a29 pages ;
_c30 cm
336 _2rdacontent
_atext
337 _2rdamedia
_aunmediated
338 _2rdacarrier
_avolume
650 1 0 _aCooperative societies meetings - Management.
942 _cB
_2ddc